Normal view
MARC view
- ZIEGELMEIER,LORI
Entry Personal Name
001 - CONTROL NUMBER
- control field: 90858
003 - CONTROL NUMBER IDENTIFIER
- control field: NUST
005 - DATE AND TIME OF LATEST TRANSACTION
- control field: 20220411095934.0
008 - FIXED-LENGTH DATA ELEMENTS
- fixed length control field: 220411|| aca||aabn | a|a d
040 ## - CATALOGING SOURCE
- Original cataloging agency: NUST
- Transcribing agency: NUST
100 ## - HEADING--PERSONAL NAME
- Personal name: ZIEGELMEIER,LORI
670 ## - SOURCE DATA FOUND
- Source citation: Work cat.: (NUST): ZIEGELMEIER,LORI., RESEARCH IN COMPUTATIONAL /, 2018.
